| 000 | 00708nam a2200205Ia 4500 | ||
|---|---|---|---|
| 999 |
_c38132 _d38132 |
||
| 001 | 4122 | ||
| 003 | GE_BSU | ||
| 005 | 20190930154819.0 | ||
| 008 | 181216s1979||||ge |||||||||||||| ||geo|| | ||
| 040 | _cGE_BSU | ||
| 041 | _ageo | ||
| 080 | _a908(569.1) ჯ–27 | ||
| 100 |
_aჯაფარიძე, გოჩა _93097 |
||
| 245 |
_aთანამედროვე სირია / _cრედ. გ. გიგაური. |
||
| 264 |
_a თბ. : _bსაბჭ. საქართველო, _c1979. |
||
| 300 |
_a60 გვ. ; _b20 სმ. |
||
| 653 | _aსირიის პოლიტიკა | ||
| 700 |
_aგიგაური, გ. _eრედაქტორი _94396 |
||
| 942 |
_cBK _2udc |
||